Southville International School and Colleges
Your cart is empty.
  • Cart
  • Lists
    Public lists Eva Luna New books Lux_list list_1
    Your lists Log in to create your own lists
  • Log in to your account
  • Your cookies
  • Search history
Southville International School and Colleges
  • Advanced search
  • Recent comments
  • Most popular
  • Libraries

Log in to your account

Log in with GOOGLE


If you do not have an external account, but do have a local account, you can still log in:

  1. Home
  2. MARC view: Teach me christian virtues ( grades 4-6) /
Normal view MARC view ISBD view

Teach me christian virtues ( grades 4-6) / (Record no. 8424)

[ view plain ]
MARC details
000 -LEADER
fixed length control field 00612nam a22001937a 4500
003 - CONTROL NUMBER IDENTIFIER
control field OSt
005 - DATE AND TIME OF LATEST TRANSACTION
control field 20140310182024.0
008 - FIXED-LENGTH DATA ELEMENTS--GENERAL INFORMATION
fixed length control field 130801t xxu||||| |||| 00| 0 eng d
020 ## - INTERNATIONAL STANDARD BOOK NUMBER
International Standard Book Number 0382307321
050 ## - LIBRARY OF CONGRESS CALL NUMBER
Classification number PZ 7
Item number .L863 1996
082 ## - DEWEY DECIMAL CLASSIFICATION NUMBER
Classification number TR 268
Item number L87 1996
100 ## - MAIN ENTRY--PERSONAL NAME
Personal name Looney, Hollice H.
9 (RLIN) 7248
245 ## - TITLE STATEMENT
Title Teach me christian virtues ( grades 4-6) /
Statement of responsibility, etc by Hollice H. Looney ; illustrated by Darcy Tom.
260 ## - PUBLICATION, DISTRIBUTION, ETC. (IMPRINT)
Place of publication, distribution, etc Carthage, IL :
Name of publisher, distributor, etc Shining Star Publications,
Date of publication, distribution, etc 1996.
300 ## - PHYSICAL DESCRIPTION
Extent 32 p.;
Dimensions 28 cm.
650 ## - SUBJECT ADDED ENTRY--TOPICAL TERM
Topical term or geographic name as entry element Christian Virtues
General subdivision study and teaching
9 (RLIN) 7249
942 ## - ADDED ENTRY ELEMENTS (KOHA)
Source of classification or shelving scheme Library of Congress Classification
Koha item type
Holdings
Withdrawn status Lost status Source of classification or shelving scheme Damaged status Home library Current library Shelving location Date acquired Total Checkouts Full call number Barcode Date last seen Copy number Price effective from Koha item type
    Library of Congress Classification   Luxembourg Library Luxembourg Library Teachers Reference Section 08/01/2013   BX 1758 .L863 1996 6741 08/13/2013 1 10/03/2013 Books

Teach me christian virtues ( grades 4-6) /

APA

Looney H. H., . (1996). Teach me christian virtues ( grades 4-6). Carthage, IL: Shining Star Publications.

Chicago

Looney Hollice H, . 1996. Teach me christian virtues ( grades 4-6). Carthage, IL: Shining Star Publications.

Harvard

Looney H. H., . (1996). Teach me christian virtues ( grades 4-6). Carthage, IL: Shining Star Publications.

MLA

Looney Hollice H, . Teach me christian virtues ( grades 4-6). Carthage, IL: Shining Star Publications. 1996.

  • Place hold
  • Print
  • Cite
  • Add to your cart (remove)
  • Save record
    BIBTEX Dublin Core MARCXML MARC (non-Unicode/MARC-8) MARC (Unicode/UTF-8) MARC (Unicode/UTF-8, Standard) MODS (XML) RIS
  • More searches
    Search for this title in:
    Other Libraries (WorldCat) Other Databases (Google Scholar) Online Stores (Bookfinder.com) Open Library (openlibrary.org)

Exporting to Dublin Core...

SOUTHVILLE LIBRARY

Southville International School and Colleges Library

1281 Tropical Ave. Cor. Luxembourg St., BF Homes International, Las Pinas City

Tel. No. 8256374 / 252358 Loc. 117/146

Powered by Koha